Financial statement analysis : (Record no. 135113)
[ view plain ]
| 000 -LEADER | |
|---|---|
| fixed length control field | 00688cam a22002294a 4500 |
| 008 - FIXED-LENGTH DATA ELEMENTS--GENERAL INFORMATION | |
| fixed length control field | |
| 020 ## - INTERNATIONAL STANDARD BOOK NUMBER | |
| International Standard Book Number | 053634180X (hbk. ) |
| 049 00 - LOCAL HOLDINGS (OCLC) | |
| Holding library | MAIN |
| 090 ## - LOCALLY ASSIGNED LC-TYPE CALL NUMBER (OCLC); LOCAL CALL NUMBER (RLIN) | |
| Classification number (OCLC) (R) ; Classification number, CALL (RLIN) (NR) | HF5681 |
| Local cutter number (OCLC) ; Book number/undivided call number, CALL (RLIN) | FIN |
| 003 - CONTROL NUMBER IDENTIFIER | |
| control field | |
| 005 - DATE AND TIME OF LATEST TRANSACTION | |
| control field | 20230123125050.0 |
| 040 ## - CATALOGING SOURCE | |
| Transcribing agency | NUST |
| 245 10 - TITLE STATEMENT | |
| Title | Financial statement analysis : |
| Remainder of title | CFA programme cirriculum, |
| Number of part/section of a work | Vol. 3 / |
| Statement of responsibility, etc. | CFA Institute. |
| 260 ## - PUBLICATION, DISTRIBUTION, ETC. | |
| Place of publication, distribution, etc. | Boston : |
| Name of publisher, distributor, etc. | Pearson, |
| Date of publication, distribution, etc. | c2008. |
| 300 ## - PHYSICAL DESCRIPTION | |
| Extent | xiv, 703 [179] p. : |
| Other physical details | ill. : |
| Dimensions | 27 cm. |
| 500 ## - GENERAL NOTE | |
| General note | Includes index. |
| 650 ## - SUBJECT ADDED ENTRY--TOPICAL TERM | |
| Topical term or geographic name entry element | Financial information management. |
| 650 #0 - SUBJECT ADDED ENTRY--TOPICAL TERM | |
| Topical term or geographic name entry element | Financial statements. |
| 700 ## - ADDED ENTRY--PERSONAL NAME | |
| Personal name | CFA Institute. |
| 907 ## - LOCAL DATA ELEMENT G, LDG (RLIN) | |
| a | .b10285015 |
| b | 20-07-11 |
| c | 11-10-10 |
| 942 ## - ADDED ENTRY ELEMENTS (KOHA) | |
| Koha item type | Ordinary Loan Books |
| Call number prefix | HF5681 |
| Call number suffix | FIN |
| Date last seen | Total Checkouts | Full call number | Barcode | Cost, replacement price | Price effective from | Koha item type | Lost status | Source of classification or shelving scheme | Damaged status | Not for loan | Collection | Withdrawn status | Home library | Current library | Shelving location | Date acquired | Cost, normal purchase price |
|---|---|---|---|---|---|---|---|---|---|---|---|---|---|---|---|---|---|
| 01/23/2023 | 15 | HF5681 CFA | 92004013622 | 80.00 | 01/23/2023 | BOOKS | LCC | NFIC | MAIN | MAIN | GEN | 01/23/2023 | 80.00 |